000 00266nam a22001097a 4500
041 _aENG
100 _aRajad
245 _aRajahan Agricultural Drainage Research Project
260 _aRajasthan,
_bAnalysis Of Subsurface
_c1995
650 _aIDE
856 _uIDE ( 44 )
999 _c2466
_d2466